[Event "Berlin Werner Ott op"]
[Site "Berlin"]
[Date "2022.07.14"]
[Round "6"]
[White "Gebigke, Martin"]
[Black "Tedesco, Gennaro"]
[Result "1-0"]
[WhiteElo "2085"]
[BlackElo "1722"]
[PlyCount "142"]
[EventDate "2022.07.09"]
[EventType "swiss"]
[EventRounds "9"]
[EventCountry "GER"]
[SourceTitle "CBM 209 Extra"]
[Source "ChessBase"]
[SourceDate "2022.09.30"]
[SourceVersion "1"]
[SourceVersionDate "2022.09.30"]
[SourceQuality "1"]

1. d4 Nf6 2. c4 g6 3. Nc3 d5 4. Nf3 Bg7 5. Qb3 dxc4 6. Qxc4 0-0 7. e4 a6 8. Be2 b5 9. Qb3 c5 10. dxc5 Be6 11. Qc2 Nbd7 12. Be3 Rc8 13. Rd1 Qa5 14. a3 b4 15. axb4 Qxb4 16. Rd4 Qb8 17. b4 Ng4 18. Bxa6 Bxd4 19. Bxd4 Qxb4 20. Bxc8 Rxc8 21. 0-0 Nxc5 22. Nd5 Bxd5 23. exd5 Rc7 24. Rb1 Nd7 25. Qd1 Qc4 26. h3 Ngf6 27. d6 exd6 28. Bb2 Qc2 29. Nd4 Qxd1+ 30. Rxd1 Rb7 31. Ba3 Rb6 32. Nc2 Rc6 33. Ne3 d5 34. Nxd5 Nxd5 35. Rxd5 Rc7 36. g4 h6 37. Kg2 Rb7 38. Bc1 Kg7 39. Be3 g5 40. Kf3 f6 41. Bd4 Ne5+ 42. Ke4 Rb3 43. Bxe5 fxe5 44. Rd7+ Kf6 45. Rd6+ Kg7 46. f3 Rb4+ 47. Kxe5 Rf4 48. Rd3 Kg6 49. h4 Kg7 50. h5 Rf7 51. Rc3 Ra7 52. Rc6 Ra5+ 53. Ke6 Ra7 54. Rd6 Ra3 55. Rd7+ Kg8 56. Kf6 Ra6+ 57. Ke5 Rb6 58. Re7 Rb5+ 59. Kf6 Rb6+ 60. Re6 Rb3 61. Kg6 Kf8 62. Rf6+ Ke7 63. Rf5 Rb6+ 64. Kg7 Ra6 65. Rf7+ Ke8 66. Rf6 Ra7+ 67. Kxh6 Ke7 68. Kxg5 Ra5+ 69. Kg6 Ra8 70. Rf7+ Ke6 71. h6 Rg8+ 1-0

[Event "EU-ch 20th"]
[Site "Skopje"]
[Date "2019.03.27"]
[Round "9"]
[White "Bajrami, Zejno"]
[Black "Gebigke, Martin"]
[Result "0-1"]
[WhiteElo "1938"]
[BlackElo "2078"]
[PlyCount "106"]
[EventDate "2019.03.18"]
[EventType "swiss"]
[EventRounds "11"]
[EventCountry "MKD"]
[SourceTitle "CBM 189"]
[Source "ChessBase"]
[SourceDate "2019.04.29"]
[SourceVersion "1"]
[SourceVersionDate "2019.04.29"]
[SourceQuality "1"]

1. e4 c5 2. Nf3 d6 3. Bb5+ Bd7 4. Bxd7+ Qxd7 5. 0-0 Nf6 6. Re1 e6 7. b3 Be7 8. Bb2 0-0 9. c4 b5 10. cxb5 Qxb5 11. d4 cxd4 12. Nxd4 Qb7 13. Nc3 Rd8 14. Qf3 Nbd7 15. Rad1 Rac8 16. Nde2 Rc7 17. Ng3 Rdc8 18. h3 Rc6 19. Qe3 Bd8 20. Re2 Bb6 21. Qd2 Ba5 22. Re3 d5 23. e5 Nxe5 24. Rxe5 Bxc3 25. Bxc3 Rxc3 26. Rg5 g6 27. Qd4 Qe7 28. Re1 Rc1 29. Rxc1 Rxc1+ 30. Kh2 Rc5 31. Re5 Nd7 32. Re2 a5 33. f4 Qf6 34. Qd2 Qc3 35. Qd1 h5 36. Rf2 Nf6 37. Rf3 Qb2 38. Nh1 Rc2 39. Qg1 Ne4 40. Ng3 Nf2 41. a4 h4 42. Nf1 d4 43. b4 axb4 44. a5 Ne4 45. a6 Qa1 46. Rd3 Rc4 47. Nd2 Rc1 48. Nb3 Rxg1 49. Nxa1 Rxa1 50. g4 hxg3+ 51. Kg2 Ra2+ 52. Kg1 Nc5 53. Rxd4 Nxa6 0-1

[Event "Berlin Werner Ott op"]
[Site "Berlin"]
[Date "2018.07.01"]
[Round "2"]
[White "Jess, Arne"]
[Black "Gebigke, Martin"]
[Result "0-1"]
[WhiteElo "1842"]
[BlackElo "2050"]
[PlyCount "90"]
[EventDate "2018.06.30"]
[EventType "swiss"]
[EventRounds "9"]
[EventCountry "GER"]
[SourceTitle "CBM 185 Extra"]
[Source "ChessBase"]
[SourceDate "2018.07.29"]
[SourceVersion "1"]
[SourceVersionDate "2018.07.29"]
[SourceQuality "1"]

1. e4 c5 2. Nf3 d6 3. d4 cxd4 4. Nxd4 Nf6 5. Nc3 a6 6. Be2 e5 7. Nb3 Be7 8. Be3 Be6 9. 0-0 0-0 10. f4 exf4 11. Bxf4 Nbd7 12. Kh1 Qb6 13. Qd4 Qc7 14. Rad1 Ne5 15. Nd5 Nxd5 16. exd5 Bd7 17. c4 Ng6 18. Bg3 b6 19. Qd2 Qd8 20. Qb4 Ne5 21. Nd2 f5 22. Bf2 Rb8 23. Qa3 a5 24. Bd4 Be8 25. b4 axb4 26. Qxb4 Bg6 27. Rb1 Nd7 28. Bd1 Bf6 29. Nf3 Ne5 30. Nxe5 Bxe5 31. Bxe5 dxe5 32. Rb3 e4 33. Be2 Qc7 34. Rfb1 f4 35. Qa3 f3 36. gxf3 exf3 37. Bd3 f2 38. Rf1 Bxd3 39. Rxd3 Qxc4 40. Kg2 Qe4+ 41. Rf3 Ra8 42. Qd3 Qxf3+ 43. Qxf3 Rxf3 44. Kxf3 Rxa2 45. Ke4 Kf7 0-1